DASAR kepelbagaian biologi kebangsaan .

Bibliographic Details
Corporate Author: Malaysia
Format: Book
Published: Kuala Lumpur : Kementerian Sains, Teknologi dan Alam Sekitar , 1998
Subjects:

MARC

LEADER 00000cam a2200000 7i4500
001 0000001204
005 20030815.0
020 0 0 |a 9839924818 
090 0 0 |a 333.9516   |b DAS 1998 
245 0 0 |a DASAR kepelbagaian biologi kebangsaan .   |l National policy on biological diversity 
260 0 0 |a Kuala Lumpur :   |b Kementerian Sains, Teknologi dan Alam Sekitar ,   |c 1998 
300 |a 38 p. ;   |c 30 cm. 
650 0 0 |a Biological diversity conservation 
650 0 0 |a Biological diversity   |x Government policy 
710 1 1 |a Malaysia ,   |c Kementerian Sains, Teknologi dan Alam Sekitar 
745 0 0 |a National policy on biological diversity 
998 |a JPSM 
999 |a 0000002429   |b Monograph   |c Open Shelf   |e Default branch 
999 |a 0000003613   |b Monograph   |c Open Shelf   |e Default branch 
999 |a 0000006369   |b Monograph   |c Open Shelf   |e Default branch 
999 |a 0000006972   |b Monograph   |c Open Shelf   |e Default branch 
999 |a 0000006973   |b Monograph   |c Open Shelf   |e Default branch